000 01159cam a2200289 4500
001 WB3727-39
008 010711n2001 000 0 eng u
035 _a(Sirsi) u113607
245 _aThrough the roof
260 _c2001
490 _aGuardian
_v 10 July 2001, 15(2)
520 _aAnalyses the trend of buoyant house prices in Britain, in particular the continued increase in prices despite low inflation and the slowing economy. Touches on the inter-relationship of issues such as physical supply and demand forhousing, affordability, relationship to trends in the rented sector, the fall in new construction of private housing, etc - and how they all affect the trend of inflation currently prevalent in the housing sector. Diagram.
590 _aWB
650 _aHOUSE PRICES
650 _aINTEREST RATES
650 _aSERVICE SECTOR
650 _aMANUFACTURING
650 _aHOMEOWNERS
650 _aTRADE DEFICIT
650 _aRECESSION
650 _aINFLATION
650 _aECONOMY
650 _aHOMELESSNESS
650 _aRENTED PROPERTY
690 _aPROPERTY-RESIDENTIAL PROPERTY-RESIDENTIAL PROPERTY MARKET
942 _n0
999 _c67693
_d67693